000 00303nam a2200097Ia 4500
008 240331s9999 xx 000 0 und d
082 _bMEE
100 _aMeenakshi ammal, K.N
245 0 _aInthiyarin Ilankai Vaalkaiyin Nilamai :
_bInthiyarai Viradda Vendumenkira Ilankai Manthirikalukku Ethirppu
942 _cL
999 _c4218
_d4218